ICC cricket teams 2023 - Statistics

General Stats
  • This quiz has been taken 41 times
  • The average score is 9 of 10
Answer Stats
Hint Answer % Correct
Asia India
100%
Asia Bangladesh
97%
Asia Pakistan
97%
Africa South Africa
97%
Europe England
94%
Asia Sri lanka
94%
Asia Afghanistan
92%
Oceania New Zealand
92%
Oceania Australia
83%
Europe Netherlands
72%
No matching quizzes found
Score Distribution
Percent of People with Each Score
Percentile by Number Answered
Your Score History
You have not taken this quiz